Movies Quiz

Random Movies or Clickable Quiz
Score 0/16 Timer 03:00
7 Plays Today
Question Answer Wrong Answers
Which one of these films stars Robin Williams? Mrs. Doubtfire
97.9%
The Hunt for Red October
0.5%
In Bruges
0.2%
Black Swan
0.1%
Which one of these films stars Robin Williams? Jumanji
97.2%
Misery
0.4%
Martha Marcy May Marlene
0.7%
Pulp Fiction
0.3%
Which one of these films stars Robin Williams? Good Morning, Vietnam
96.1%
Unforgiven
1.7%
Harry Potter and the Order of Phoenix
0.2%
Footloose
0.6%
Which one of these films stars Robin Williams? Dead Poets Society
95.7%
Dances with Wolves
1.1%
Before Sunset
1.5%
X-Men: First Class
0.3%
Which one of these films stars Robin Williams? Good Will Hunting
95.4%
The Devil's Advocate
1.6%
The Queen
1.1%
Indiana Jones and the Last Crusade
0.5%
Which one of these films stars Robin Williams? Hook
93.2%
Jacob's Ladder
4.5%
Spider-Man 2
0.2%
True Grit
0.8%
Which one of these films stars Robin Williams? Night at the Museum
91.5%
Miami Blues
5.4%
Django Unchained
1.4%
Mad Max: Fury Road
0.4%
Which one of these films stars Robin Williams? Aladdin
91.1%
The Lion King
2.8%
WALL·E
2.9%
Hercules
1.8%
Which one of these films stars Robin Williams? Awakenings
90.9%
Titanic
0.2%
21 Jump Street
1.9%
American Beauty
5.4%
Which one of these films stars Robin Williams? Bicentennial Man
89%
Backdraft
2.5%
28 Days Later
3.5%
The Princess Bride
3.6%
Which one of these films stars Robin Williams? The World According to Garp
87.5%
The Usual Suspects
5.3%
Scott Pilgrim vs. the World
3.9%
The Bodyguard
1.9%
Which one of these films stars Robin Williams? Popeye
85.9%
12 Monkeys
4.9%
Walk Hard: The Dewey Cox Story
2.9%
Tinker Tailor Soldier Spy
4.8%
Which one of these films stars Robin Williams? One Hour Photo
85.5%
King of New York
10.9%
The Avengers
0.5%
Batman
1.7%
Which one of these films stars Robin Williams? The Birdcage
82.3%
Homeward Bound: The Incredible Journey
7.8%
Drive
2.1%
Boyhood
6.3%
Which one of these films stars Robin Williams? The Fisher King
78%
Ghost
2%
Where the Heart Is
12.4%
Beasts of the Southern Wild
6.1%
Which one of these films stars Robin Williams? World's Greatest Dad
68.2%
Presumed Innocent
7.1%
Best in Show
11.9%
Moonrise Kingdom
11.3%
Come Together.
Have Fun.
All Virtual.
We all need to come together. Play Sporcle's virtual live trivia to have fun, connect with people, and get your trivia on. Join a live hosted trivia game for your favorite pub trivia experience done virtually. If a virtual private party is more your thing, go here for details.

You're not logged in!

Compare scores with friends on all Sporcle quizzes.
OR
Log In

Sporcle TV

Today on Sporcle TV


Watch our educational content, quiz creation guides, and fun videos on Sporcle TV.

Show Comments

Extras

Top Quizzes Today


Score Distribution

Paid Content

Your Account Isn't Verified!

In order to create a playlist on Sporcle, you need to verify the email address you used during registration. Go to your Sporcle Settings to finish the process.

Report this User

Report this user for behavior that violates our Community Guidelines.

Details: